La nueva geografía /
Guardado en:
| Autor Principal: | |
|---|---|
| Formato: | Libro |
| Publicado: |
Barcelona :
Oikos-tau,
1979
|
| Series: | Colección ¨qué sé?
|
| Materias: | |
| Etiquetas: |
Agregar Etiqueta
Sin Etiquetas, Sea el primero en etiquetar este registro!
|
| LEADER | 00508nam a22001815a 4500 | ||
|---|---|---|---|
| 001 | CEM.cems009095 | ||
| 005 | 20090907093214.0 | ||
| 008 | 130507s1979##################000#0#####d | ||
| 003 | CEMS | ||
| 082 | 0 | 4 | |a 910.7 |
| 100 | 1 | |a Claval, Paul | |
| 245 | 1 | 0 | |a La nueva geografía / |c Paul Claval |
| 260 | |a Barcelona : |b Oikos-tau, |c 1979 | ||
| 300 | |a 139 p. | ||
| 490 | 0 | |a Colección ¨qué sé? | |
| 653 | |a Geografía | ||
| 653 | |a Didáctica de la geografía | ||
| 859 | |a CEMS |b BIB. CEMS - 11 de abril |h 910.7 |i C436 |p 18693.95 |t Ej.1 | ||
